| 000 | 00629nam a2200205Ia 4500 | ||
|---|---|---|---|
| 003 | GCL | ||
| 008 | 140319s9999 xx 000 0 ara d | ||
| 040 |
_aGCL / _cGCL |
||
| 082 | 0 | 4 |
_a254 _bن ر |
| 100 | 1 | _aالنفراوى, سالم بن محمد المالكى | |
| 245 | 1 | 0 |
_aالروض العاطر فى نزهة الخاطر / _cالنفراوى, سالم بن محمد المالكى |
| 700 | 1 | _aجمال جمعة | |
| 300 | _a188 ص | ||
| 490 | _a | ||
| 650 | 0 | 4 | _aالاسلام |
| 650 | 0 | 4 | _aالجنس |
| 650 | 0 | 4 | _aالزواج فى الاسلام |
| 650 | 0 | 4 | _aالتربية الجنسية |
| 942 |
_2ddc _cBK |
||
| 999 |
_c38561 _d38561 |
||